000 00536nam a2200169Ia 4500
008 090711s9999 xx 000 0 und d
082 _b34308
100 _aपारखे म. स.
245 _aराजराजेश्वर परशुराम
260 _c1966
300 _a123
600 _aपारखे म. स.
630 _aराजराजेश्वर परशुराम
700 _aपारखे म. स.
730 _aराजराजेश्वर परशुराम
942 _cBOOK
999 _c332274
_d332274